Normal view
MARC view
- Paton, G. W
Entry Personal Name
001 - CONTROL NUMBER
- control field: 109883
003 - CONTROL NUMBER IDENTIFIER
- control field: NUST
005 - DATE AND TIME OF LATEST TRANSACTION
- control field: 20230306132155.0
008 - FIXED-LENGTH DATA ELEMENTS
- fixed length control field: 230306|| aca||aabn | a|a d
040 ## - CATALOGING SOURCE
- Original cataloging agency: NUST
- Transcribing agency: NUST
100 ## - HEADING--PERSONAL NAME
- Personal name: Paton, G. W
670 ## - SOURCE DATA FOUND
- Source citation: Work cat.: (NUST)178371: Paton, G. W., A Textbook of Jurisprudence /, 1972.
